| Registos Bibliográficos associados ao registo de autoridade |
|
Etiqueta de registo: 00813cam 2200265 450 001 1052931 003 http://id.bnportugal.gov.pt/bib/catbnp/1052931 005 20010927104400.0 010 ## $a972-33-1580-7 021 ## $aPT$b151866/00 100 ## $a20010416d2000 demy0pory0103 ba 101 1# $apor$ceng 102 ## $aPT 105 ## $aa z 001yy 106 ## $ar 200 1# $a A antiguidade egípcia$ehistória, arte e cultura$fJames Putnam$gtrad. Pedro de Azevedo 210 #9 $aLisboa$cEstampa,$dimp. 2000 215 ## $a112 p.$cil.$d28 cm 304 ## $aTít. orig.: An introduction to egyptology 606 ## $2SIPOR$322490 675 ## $a94(32)(042)$vBN$zpor$3787300 700 #1 $aPutnam,$bJames$3995965 702 #1 $aAzevedo,$bPedro de,$f1869-1928$312289 966 ## $lBN$mFGMON$pIncorporação$s94 (32) PUT $x6 966 ## $lBN$mFGMON$nExiste usual em livre acesso na sala de leitura geral$sH.G. 48495 V.$x1 966 ## $lBN$mFGMON$sH.G. 48495 V.$x1
Etiqueta de registo: 00254nbm 2200025 450 001 2286800 003 http://id.bnportugal.gov.pt/bib/catbnp/2286800 100 ## $a20260525d19271928k y0pory01030103ba 101 0# $apor 102 ## $aPT 105 ## $ay z 000yy 106 ## $ah 200 1# $a [ Ordens de Serviço de Fidelino de Figueiredo, Director da Biblioteca Nacional de
Lisboa, relativas à gestão de pessoal, nomeadamente, faltas, vencimentos, horário
de trabalho, marcação de ponto, situações de indisciplina, substituição de funcionários
por suspensão de exercício, admissões, concursos, e referentes ao funcionamento da
biblioteca, designadamente, organização, regulamentos, regras de catalogação, aquisições,
remodelação do serviço de empréstimo, convocação de reuniões, vigilância na sala de
leitura, queixas dos leitores, entre outros assuntos] 210 #1 $aLisboa,$d17 de Fevereito de 1927-22 de Dezembor de 1928 215 ## $a68 doc. (74 f.)$d28 cm 300 ## $aCópias e originais assinados por Fidelino de Figueiredo, Pedro de Azevedo e Joaquim
Gualdino Gomes 321 1# $aInventário do Arquivo Histórico da Biblioteca Nacional: 1796-1950. Lisboa: BN, 1996.
P. 56-57 700 #1 $aFigueiredo,$bFidelino de,$f1888-1967$337830 701 #1 $aAzevedo,$bPedro de,$f1869-1928$4070$312289 701 #1 $aGomes,$bJoaquim Gualdino,$f1858-1948$4070$31760933 801 #0 $aPT$bBN$gRPC 966 ## $lBN$mRESARQ$sAHBN/CR/08/Cx. 02-Mc. 05- 01-66 971 ## $cmrosario$d20260525
Etiqueta de registo: 01147c 022003011 04500 001 97136 003 http://id.bnportugal.gov.pt/bib/catbnp/97136 005 20020117121700.0 095 ## $aPTBN00100999 100 ## $a19890124g19151934k y0pory0103 ba 101 0# $apor 102 ## $aPT 105 ## $ay z 001yy 106 ## $ar 200 1# $aDocumentos das chancelarias reais anteriores a 1531 relativos a Marrocos$fpor Ordem da Academia das Sciências de Lisboa$gsob a dir. de Pedro de Azevedo 210 #9 $aLisboa$cA.C.,$dimp. 1915-imp. 1934 215 ## $a2 v.$d34 cm 327 1# $a1º v.: 1415-1450. - XV, 682 p.$a2º v.: 1450-1456. - 768 p. 675 ## $a94(=1.469)(64)"1415/1456"$vBN$zpor$31004867 702 #1 $aAzevedo,$bPedro de,$f1869-1928$4300$312289 712 01 $aPortugal.$bAcademia das Ciências de Lisboa$4340$3102 801 #0 $aPT$bBN$gRPC 930 ## $lBN$mAG$dH.G. 6203-4 A. 966 ## $b002$dT. 1$lBN$mFGMON$sH.G. 6203 A. 966 ## $b002$dT. 2$lBN$mFGMON$sH.G. 6204 A. 966 ## $b003$lBN$mFGMON$sH.G. 6746 A. 966 ## $b001$d1º v.$lBN$mFGMON$pBiblioteca Cordeiro Pereira$sH.G. 9294 A.$x3 966 ## $b001$d2º v.$lBN$mFGMON$pBiblioteca Cordeiro Pereira$sH.G. 9295 A.$x3 997 ## $aBIBEOD 998 ## $aCR198 - 00210
Etiqueta de registo: 00830nam 2200217 450 001 1315889 003 http://id.bnportugal.gov.pt/bib/catbnp/1315889 010 ## $a972-95796-0-1$bencadernado$dcompra 021 ## $aPT$b60301/92 100 ## $a20040910d1992 k y0porb0103 ba 101 0# $apor 102 ## $aPT 105 ## $aa z 001yy 106 ## $ar 200 1# $a A arte de Goa, Damão e Diu$fCarlos de Azevedo$gpref. Joaquim Veríssimo Serrão$gfot. Mário Tavares Chicó, José Carvalho Henriques, Carlos de Azevedo 205 ## $a2ª ed 210 #9 $a[S. l.]$cPedro de Azevedo$d1992 215 ## $aVI, 48, [6] p., [60] p. il.$cestampas$d30 cm 320 ## $aBibliografia, p. 43-48 675 ## $a7(547)$vBN$zpor 700 #1 $aAzevedo,$bPedro de,$f1869-1928$312289 702 #1 $aSerrão,$bJoaquim Veríssimo,$f1925-2020$4080$331594 702 #1 $aChicó,$bMário Tavares,$f1905-1966$4600$346237 702 #1 $aHenriques,$bJosé Carvalho$4600$31212918 702 #1 $aAzevedo,$bPedro de,$f1869-1928$4600$312289 801 #0 $aPT$bUNLCSH$gRPC 966 ## $lBN$mFGMON$sB.A. 24573 V.$x3 997 ## $aBIBEOD
Etiqueta de registo: 00642cam 2200205 450 001 844655 003 http://id.bnportugal.gov.pt/bib/catbnp/844655 005 19990126000000.0 095 ## $aPTBN00498834 100 ## $a19931013d1913 k y0pory0103 ba 101 0# $apor 102 ## $aPT 200 1# $aRegisto da Freguesia de Santa Cruz do Castelo, desde 1536 até 1628$fEdgar Prestage e Pedro de Azevedo 210 #9 $a[S.l.$cs.n.],$d1913$eCoimbra :$gImp. da Universidade) 215 ## $d32 cm 700 #1 $aPrestage,$bEdgar,$f1869-1951$336186 701 #1 $aAzevedo,$bPedro de,$f1869-1928$4070$312289 801 #0 $aPT$bBN$gRPC 966 ## $lBN$mFGMON$sS.C. 2618 A. 966 ## $lBN$mFGMON$sS.C. 2629 A. 966 ## $lBN$mFGMON$sS.C. 7009 V.
Etiqueta de registo: 00901cam 2200265 450 001 813374 003 http://id.bnportugal.gov.pt/bib/catbnp/813374 005 19990118000000.0 095 ## $aPTBN00464818 100 ## $a19800101d1913 km y0pory0103 ba 101 0# $apor 102 ## $aPT 200 0# $aAnedoctas de Elvas$fcoligidas pelo corregedor Mendonça$gcom um prológo de Pedro A. de Azevedo 210 #9 $aElvas$cProgresso,$d1913 215 ## $a1 v. 500 10 $aAnedotas de Elvas 702 #0 $aMendonça$4220$3756706 702 #1 $aAzevedo,$bPedro de,$f1869-1928$4080$312289 801 #0 $aPT$bBN$gRPC 856 40 $uhttps://purl.pt/29416 856 41 $uhttps://purl.pt/29416/service/media/cover/low 856 49 $uhttps://purl.pt/29416/service/media/pdf$qapplication/pdf 958 ## $aBND$bLivre$cDigitalizado$d1$ehttps://purl.pt/29416/service/media/cover/max 966 ## $lBN$mFGMON$sH.G. 8689 V. 998 ## $aCI362-301
Etiqueta de registo: 00583cam 2200193 450 001 764259 003 http://id.bnportugal.gov.pt/bib/catbnp/764259 005 19990109000000.0 095 ## $aPTBN00551657 100 ## $a19940219d1916 m y0pory0103 ba 101 0# $apor 102 ## $aPT 200 1# $aAno e meio de vida do Arquivo dos Feitos Findos$fPedro de Azevedo 210 #9 $aCoimbra$cImpr. da Universidade,$d1916 215 ## $a15 p.$d28 cm 305 ## $aSep.: Anais das bibliotecas e arquivos de Portugal 700 #1 $aAzevedo,$bPedro de,$f1869-1928$312289 801 #0 $aPT$bBN$gRPC 966 ## $lBN$mFGMON$sS.C. 9332//8 V. 966 ## $lBN$mFGMON$sS.C. 10421//5 P. 997 ## $aBIBEOD
Etiqueta de registo: 00531cam 022001931 04500 001 828260 003 http://id.bnportugal.gov.pt/bib/catbnp/828260 005 20020606095900.0 095 ## $aPTBN00480794 100 ## $a19800101d1905 km y0pory0103 ba 101 0# $apor 102 ## $aPT 106 ## $ar 200 1# $a Os antepassados do marquês de Pombal$fpor Pedro A. de Azevedo 210 #9 $aLisboa$cOff. Typ.,$d1905 215 ## $a37 p.$d29 cm 305 ## $aSep. Arquivo Histórico Português, 3 700 #1 $aAzevedo,$bPedro de,$f1869-1928$312289 801 #0 $aPT$bBN$gRPC 966 ## $lBN$mFGMON$sH.G. 27295 V.
Etiqueta de registo: 00473cam 2200181 450 001 1034979 003 http://id.bnportugal.gov.pt/bib/catbnp/1034979 005 20001007000000.0 100 ## $a20001007d1912 m y0pory0103 ba 101 0# $apor 102 ## $aPT 105 ## $ay z 000yy 106 ## $ar 200 1# $aDocumentos de vairão$fpor Pedro d'Azevedo 210 #9 $aPorto$cTyp. do Porto Medico,$d19192 215 ## $aXIII p.$d24 cm 700 #1 $aAzevedo,$bPedro de,$f1869-1928$312289 801 #0 $aPT$bBN$gRPC 856 40 $2Cópia digital disponível em archive.org$uhttps://archive.org/details/documentosdevair00azev 966 ## $lBN$mFGMON$sH.G. 22772 V.$x0
Etiqueta de registo: 01014cam 2200289 450 001 487700 003 http://id.bnportugal.gov.pt/bib/catbnp/487700 005 20020829134800.0 095 ## $aPTBN00690498 100 ## $a19950210d1913 km y0pory0103 ba 101 0# $apor 102 ## $aPT 105 ## $ay z 001yy 106 ## $ar 200 1# $aRegisto da Freguesia de Santa Cruz do Castello$edesde 1536 até 1628$fintrod., notas e indice Edgar Prestage, Pedro d'Azevedo 210 #9 $aCoimbra$cImpr. da Universidade,$d1913 215 ## $aXXXVIII, 342, [5] p.$d33 cm 225 2# $aRegistos parochiaes de Lisboa 500 10 $aRegisto da Freguesia de Santa Cruz do Castelo 675 ## $a347.18(469.411.16)"1536/1628"$vBN$zpor$31009428 675 ## $a352(469.411.16)"1536/1628"$vBN$zpor$31009429 702 #1 $aPrestage,$bEdgar,$f1869-1951$4080$336186 702 #1 $aAzevedo,$bPedro de,$f1869-1928$4080$312289 801 #0 $aPT$bBN$gRPC 856 40 $2Cópia digital disponível em: Archive.org$uhttps://archive.org/details/registodafregues00igre 966 ## $lBN$mFGMON$sH.G. 6315 A. 966 ## $lBN$mFGMON$sS.C. 5977 A. 966 ## $lBN$mFGMON$pBiblioteca Cordeiro Pereira$sS.C. 7688 A.$x3
Etiqueta de registo: 00552cam 22001691i 450 001 1254041 003 http://id.bnportugal.gov.pt/bib/catbnp/1254041 100 ## $a20020606d1930 m y0pory010305 ba 101 0# $apor 102 ## $aPT 200 1# $a Os reguengos da Estremadura na 1ª Dinastia$fPedro de Azevedo 210 #9 $aCoimbra$cImprensa da Universidade,$d1930 215 ## $a58 p.$d28 cm 225 2# $aMiscelânea de estudos em honra de D. Carolina Michaëlis de Vasconcelos 700 #1 $aAzevedo,$bPedro de,$f1869-1928$312289 801 #0 $aPT$bBN 801 #1 $aFR$bJOUVE 966 ## $lBN$mFGMON$sL. 5848//19 A. $x0 997 ## $aBIBEOD
Etiqueta de registo: 00618cam 2200205 450 001 845088 003 http://id.bnportugal.gov.pt/bib/catbnp/845088 005 19990126000000.0 095 ## $aPTBN00499268 100 ## $a19931014d1913 k y0pory0103 ba 101 0# $apor 102 ## $aPT 200 1# $aRegisto da freguesia de Santa Cruz do Castelo, desde 1536 até 1628$fEdgar Prestage e Pedro de Azevedo 210 #9 $aCoimbra$cImp. da Univ.,$d1913 215 ## $d32 cm 700 #1 $aPrestage,$bEdgar,$f1869-1951$336186 701 #1 $aAzevedo,$bPedro de,$f1869-1928$4070$312289 801 #0 $aPT$bBN$gRPC 966 ## $lBN$mFGMON$sS.C. 2618 A. 966 ## $lBN$mFGMON$sS.C. 2629 A. 966 ## $lBN$mFGMON$sS.C. 7009 V.
Etiqueta de registo: 00546cam 2200193 450 001 433549 003 http://id.bnportugal.gov.pt/bib/catbnp/433549 005 19990421200500.0 095 ## $aPTBN00462752 100 ## $a19911109d1897 km y0pory0103 ba 101 0# $apor 102 ## $aPT 200 0# $aAlguns sellos antigos do Conselho de Santarém$fPedro Azevedo 210 #9 $aLisboa$cImprensa Nacional,$d1897 215 ## $a1 v. 500 10 $aAlguns selos antigos do Concelho de Santarém 700 #1 $aAzevedo,$bPedro de,$f1869-1928$312289 801 #0 $aPT$bBN$gRPC 966 ## $lBN$mFGMON$sH.G. 8220//3 V. 997 ## $aBIBEOD 998 ## $aCI357-258
Etiqueta de registo: 00603cam 2200193 450 001 433547 003 http://id.bnportugal.gov.pt/bib/catbnp/433547 005 20000320161200.0 095 ## $aPTBN00462750 100 ## $a19911109d1905 km y0pory0103 ba 101 0# $apor 102 ## $aDE 200 1# $aDois fragmentos de uma vida de S. Nicolau do sec. XIV em português$fvon Pedro Augusto d'Azevedo 210 #9 $aHalle$cMax Niemeyer,$d1905 215 ## $a6 p. 532 12 $aDois fragmentos de uma vida de São Nicolau do século XIV em português 700 #1 $aAzevedo,$bPedro de,$f1869-1928$312289 801 #0 $aPT$bBN$gRPC 966 ## $lBN$mFGMON$sH.G. 8214//12 V. 997 ## $aBIBEOD 998 ## $aCI357-256
Etiqueta de registo: 00463cam 2200181 450 001 433548 003 http://id.bnportugal.gov.pt/bib/catbnp/433548 005 19981231000000.0 095 ## $aPTBN00462751 100 ## $a19911109d1898 km a0pory0103 ba 101 0# $apor 102 ## $aPT 200 1# $a O território de Anegia$fPedro Azevedo 210 #9 $aLisboa$cImprensa Nacional,$d1898 215 ## $a1 v. 700 #1 $aAzevedo,$bPedro de,$f1869-1928$312289 801 #0 $aPT$bBN$gRPC 966 ## $lBN$mFGMON$sH.G. 8220//1 V. 997 ## $aBIBEOD 998 ## $aCI357-257
Etiqueta de registo: 00553cam 2200193 450 001 429298 003 http://id.bnportugal.gov.pt/bib/catbnp/429298 005 19981231000000.0 095 ## $aPTBN00458347 100 ## $a19920308d1927 km y0pory0103 ba 101 0# $apor 102 ## $aPT 200 1# $aLinhas gerais da história da diplomatica em Portugal$fPedro de Azevedo 210 #9 $aCoimbra$cImprensa da Universidade,$d1927 215 ## $a1 v.$d24 cm 700 #1 $aAzevedo,$bPedro de,$f1869-1928$312289 801 #0 $aPT$bBN$gRPC 966 ## $lBN$mFGMON$sH.G. 13277//11 V. 966 ## $lBN$mFGMON$sH.G. 13278//10 V. 997 ## $aBIBEOD 998 ## $aCI348-220
Etiqueta de registo: 01466cam 2200469 450 001 429287 003 http://id.bnportugal.gov.pt/bib/catbnp/429287 005 20000627132800.0 095 ## $aPTBN00458336 100 ## $a19981231d1925 k y0pory0103 ba 101 0# $apor 102 ## $aPT 105 ## $ay z 000yy 106 ## $ar 200 1# $aNotas de um agente da polícia do Marquês de Pombal$fPedro de Azevedo 210 #9 $aCoimbra$cImprensa da Universidade,$d1925 215 ## $a100 p.$d24 cm 305 ## $aSep. Bol. Academia das Sciências de Lisboa. Segunda Classe, 16 700 #1 $aAzevedo,$bPedro de,$f1869-1928$312289 801 #0 $aPT$bBN$gRPC 966 ## $lBN$mFGMON$sH.G. 13212//12 V. 966 ## $lBN$mFGMON$sH.G. 18360//3 V. $x0 966 ## $lBN$mFGMON$sTR. 2458 V.$x0 966 ## $lBN$mFGMON$sTR. 2459 V.$x0 966 ## $lBN$mFGMON$sTR. 2460 V.$x0 966 ## $lBN$mFGMON$sTR. 2461 V.$x0 966 ## $lBN$mFGMON$sTR. 2462 V.$x0 966 ## $lBN$mFGMON$sTR. 2463 V.$x0 966 ## $lBN$mFGMON$sTR. 2464 V.$x0 966 ## $lBN$mFGMON$sTR. 2465 V.$x0 966 ## $lBN$mFGMON$sTR. 2466 V.$x0 966 ## $lBN$mFGMON$sTR. 2467 V.$x0 966 ## $lBN$mFGMON$sTR. 2468 V.$x0 966 ## $lBN$mFGMON$sTR. 2469 V.$x0 966 ## $lBN$mFGMON$sTR. 2470 V.$x0 966 ## $lBN$mFGMON$sTR. 2471 V.$x0 966 ## $lBN$mFGMON$sTR. 2472 V.$x0 966 ## $lBN$mFGMON$sTR. 2473 V.$x0 966 ## $lBN$mFGMON$sTR. 2474 V.$x0 966 ## $lBN$mFGMON$sTR. 2475 V.$x0 966 ## $lBN$mFGMON$sTR. 2476 V.$x0 997 ## $aBIBEOD 998 ## $aCI348-209
Etiqueta de registo: 01233cam 2200337 450 001 425387 003 http://id.bnportugal.gov.pt/bib/catbnp/425387 005 20010129133500.0 095 ## $aPTBN00454306 100 ## $a19981231d1905 km y0pory0103 ba 101 0# $apor 102 ## $aPT 105 ## $af z 001yy 106 ## $ar 200 0# $a O Archivo da Torre do Tombo$esua historia, corpos que o compõem e organisação$fPedro A. d'Azevedo, António Baião 210 #9 $aLisboa$c[s.n.],$d1905$eLisboa :$gImp. Commercial) 215 ## $a222, [1] p.$d24 cm 225 2# $aAnnaes da Academia de Estudos Livres 500 10 $a O Arquivo da Torre do Tombo 601 01 $2SIPOR$3236204 601 01 $aPortugal.$bArquivos Nacionais- Torre do Tombo$xFundos arquivísticos$2SIPOR$3236206 675 ## $a930.253(469) ANTT$vBN$zpor$3539760 700 #1 $aAzevedo,$bPedro de,$f1869-1928$312289 701 #1 $aBaião,$bAntónio,$f1878-1961$4070$35625 801 #0 $aPT$bBN$gRPC 856 40 $2Cópia Digital disponível em: Archive.org$uhttps://archive.org/details/oarchivodatorred00azevuoft/page/n8 966 ## $lBN$mFGMON$sB.A.D. 3012 V.$x0 966 ## $lBN$mFGMON$n(Com dedicatória de António Arroyo a Jaime Batalha Reis)$sB.A.D. 5491 V.$x3 966 ## $lBN$mFGMON$sH.G. 5598 A. 966 ## $lBN$mFGMON$sH.G. 12702 V. 966 ## $lBN$mFGMON$sH.G. 20000V.$x0 998 ## $aCI345-421
Etiqueta de registo: 00571cam 2200181 450 001 425075 003 http://id.bnportugal.gov.pt/bib/catbnp/425075 005 19981231000000.0 095 ## $aPTBN00453990 100 ## $a19910818d1921 km y0pory0103 ba 101 0# $apor 102 ## $aPT 200 1# $aCartas de vila, de mudança de nome e do titulo de notável das povoações da Estremadura$fpref. e anot. de Pedro Azevedo 210 #9 $aCoimbra$cImprensa da Universidade de Coimbra,$d1921 215 ## $a1 v.$d23 cm 702 #1 $aAzevedo,$bPedro de,$f1869-1928$4080$4212$312289 801 #0 $aPT$bBN$gRPC 966 ## $lBN$mFGMON$sH.G. 11550//5 V. 997 ## $aBIBEOD 998 ## $aCI345-113
Etiqueta de registo: 00490cam 2200181 450 001 416313 003 http://id.bnportugal.gov.pt/bib/catbnp/416313 005 19981231000000.0 095 ## $aPTBN00444976 100 ## $a19800101d1914 km y0pory0103 ba 101 0# $apor 102 ## $aPT 200 1# $aMuseu Etnologico Português$ecatálogo de manuscritos$fPedro de Azevedo 210 #9 $aLisboa$cImpr. Nacional,$d1914 215 ## $a74 p. 700 #1 $aAzevedo,$bPedro de,$f1869-1928$312289 801 #0 $aPT$bBN$gRPC 966 ## $lBN$mFGMON$sH.G. 10023 V. 997 ## $aBIBEOD 998 ## $aCI331-299
Etiqueta de registo: 00837cam 2200241 450 001 511558 003 http://id.bnportugal.gov.pt/bib/catbnp/511558 005 19990102000000.0 095 ## $aPTBN00714560 100 ## $a19950404d1905 m y0pory0103 ba 101 1# $apor$brus$cger 102 ## $aPT 106 ## $ar 200 1# $aSuperstição e direito penal$epecúlio para apreciação da influência dos preconceitos populares na prática dos crimes$fA. Löwenstimm$gtrad. Alfredo Ansur$gpref. José Kohler$gprólogo de Pedro d'Azevedo 210 #9 $aPorto$cChardron,$d1904 215 ## $aXXXVIII, 252, [1] p.$d20 cm 306 ## $aData da capa 1905 700 #1 $aLöwenstimm,$bA.$3172071 702 #1 $aAnsur,$bAlfredo,$f1849-1927$4730$386460 702 #1 $aKohler,$bJosé$4080$3172072 702 #1 $aAzevedo,$bPedro de,$f1869-1928$4080$312289 801 #0 $aPT$bBN$gRPC 966 ## $lBN$mFGMON$sS.C. 3855 V. 966 ## $lBN$mFGMON$sS.C. 3856 V. 997 ## $aBIBEOD
Etiqueta de registo: 00609cam 022002051 04500 001 288170 003 http://id.bnportugal.gov.pt/bib/catbnp/288170 005 19981209160100.0 095 ## $aPTBN00300023 100 ## $a19890901d1927 km y0pora0103 ba 101 0# $apor 102 ## $aPT 200 1# $aLinhas gerais da história da diplomática em Portugal$fPedro de Azevedo 210 #9 $aCoimbra$cImprensa da Universidade,$d1927 215 ## $a46 p.$d22 cm 300 ## $aCota antiga B. 1527//11 P. 305 ## $aSep. O Instituto, 74, 2º v. 675 ## $a930.2$vmed$zpor$3290796 700 #1 $aAzevedo,$bPedro de,$f1869-1928$312289 801 #0 $aPT$bBN$gRPC 966 ## $lBN$mFGMON$sH.G. 35407 V. 997 ## $aBIBEOD
Etiqueta de registo: 00571cam 22001931 450 001 416066 003 http://id.bnportugal.gov.pt/bib/catbnp/416066 005 19981231000000.0 095 ## $aPTBN00444720 100 ## $a19910315d1914 km y0pory0103 ba 101 0# $apor 102 ## $aPT 200 1# $aCapitulos do Concelho de Elvas apresentado em Côrtes$fcom um prologo de Pedro A. d'Azevedo 210 #9 $aElvas$cAntonio José Torres de Carvalho,$d1914 215 ## $a1 v. 702 #1 $aAzevedo,$bPedro de,$f1869-1928$4080$312289 801 #0 $aPT$bBN$gRPC 966 ## $lBN$mFGMON$sH.G. 9242 V. 997 ## $aBIBEOD 998 ## $aCI331-46
Etiqueta de registo: 00973cam 2200265 450 001 278335 003 http://id.bnportugal.gov.pt/bib/catbnp/278335 005 19981208200700.0 095 ## $aPTBN00289488 100 ## $a19960101g19091912k a0pora0103 ba 101 0# $apor 102 ## $aPT 200 1# $aInventario dos livros e portarias do reino$fReal Archivo da Torre do Tombo 210 #9 $aLisboa$cImprensa Nacional,$d1909-1912 215 ## $a2 v.$d33 cm 300 ## $aPubl. interrompida; existe continuação ms. no A.N.T.T 300 ## $aRosto 2º v.: Archivo Nacional - Torre do Tombo 321 ## $aCada v. tem índ. de nomes de pessoas e de locais 327 1# $aV. 1: 1º e 2º livros$aV. 2: 3º e 4º livros (1653-1664) 675 ## $a930.255$vmed$zfre$3291075 702 #1 $aAzevedo,$bPedro de,$f1869-1928$4080$312289 710 01 $aPortugal.$bReal Arquivo da Torre do Tombo$38882 801 #0 $aPT$bBN$gRPC 966 ## $lBN$mFGMON$sB. 221 A. 997 ## $aBIBEOD
Etiqueta de registo: 00803cac 2200253 450 001 218704 003 http://id.bnportugal.gov.pt/bib/catbnp/218704 005 19990520170900.0 095 ## $aPTBN00226477 100 ## $a19900222d1919 m y0pory0103 ba 101 0# $apor 102 ## $aPT 105 ## $ay z 000yy 106 ## $ar 200 1# $aD. Afonso V e a Ordem de Torre e Espada$fPedro de Azevedo 210 #9 $aCoimbra$cImprensa da Universidade,$d1919 215 ## $a116 p.$d23 cm 305 ## $aSep. de: Boletim da Segunda classe da Acad. das Ciências de Lisboa, 12 482 #1 $1001446504$a061.4(46)"1934" 532 12 $aDom Afonso V e a Ordem de Torre e Espada 620 ## $dCoimbra 675 ## $a929.7"1459"$vBN$zpor$3409271 700 #1 $aAzevedo,$bPedro de,$f1869-1928$312289 801 #0 $aPT$bBN$gRPC 966 ## $lBN$mFGMON$sH.G. 10745//3 P. 966 ## $lBN$mFGMON$sH.G. 39226 V.$x3 966 ## $lBN$mFGMON$pDoação Jaime Cortesão$sH.G. 45369 V.$x3 966 ## $lBN$mMICROF$sF.G. 1361 966 ## $lBN$mRESIMP$sRES. 1603 V. 997 ## $aBIBEOD
Etiqueta de registo: 00656cam 2200229 450 001 218626 003 http://id.bnportugal.gov.pt/bib/catbnp/218626 005 20000603133400.0 095 ## $aPTBN00226398 100 ## $a19900222d1927 m y0pory0103 ba 101 0# $apor 102 ## $aPT 105 ## $ay z 000yy 106 ## $ar 200 1# $aLinhas gerais da história da diplomática em Portugal$fPedro de Azevedo 210 #9 $aCoimbra$cImpr. da Universidade,$d1927 215 ## $a46 p.$d24 cm 305 ## $aSep. de: O Instituto, 74 675 ## $a341.7(469)(091)$vBN$zpor$3409222 700 #1 $aAzevedo,$bPedro de,$f1869-1928$312289 801 #0 $aPT$bBN$gRPC 966 ## $lBN$mFGMON$sH.G. 9360//3 V. $x0 966 ## $lBN$mFGMON$sS.C. 64050 V.$x3 997 ## $aBIBEOD
Etiqueta de registo: 01321cam 2200361 450 001 185124 003 http://id.bnportugal.gov.pt/bib/catbnp/185124 005 20010125185000.0 095 ## $aPTBN00192361 100 ## $a19930402d1929 k y0pory0103 ba 101 0# $apor 102 ## $aPT 105 ## $ay z 001yy 106 ## $ar 200 1# $aInstruções inéditas de D. Luis da Cunha a Marco António de Azevedo Coutinho$frev. Pedro de Azevedo$gpref. António Baião$g[ed. lit.] Academia das Sciências de Lisboa 210 #9 $aCoimbra$cImpr. da Universidade,$d1929 215 ## $aLVI, 225, [2] p.$c[1] fot.$d23 cm 300 ## $aData da capa : 1930 532 12 $aInstruções inéditas de Dom Luís da Cunha a Marco António de Azevedo Coutinho 675 ## $a94(469)"17"$vmed$zpor$3291056 700 #1 $aCunha,$bLuís da,$f1662-1749$356165 702 #1 $aAzevedo,$bPedro de,$f1869-1928$4640$312289 702 #1 $aBaião,$bAntónio,$f1878-1961$4080$35625 712 01 $aPortugal.$bAcademia das Ciências de Lisboa$4340$3102 801 #0 $aPT$bBN$gRPC 930 ## $lBN$dF. 5972$iMicrofilme 966 ## $lBN$mFGMON$sH.G. 5101 V. 966 ## $lBN$mFGMON$sH.G. 13815 V. 966 ## $lBN$mFGMON$sH.G. 33936 V.$x0 966 ## $lBN$mFGMON$sH.G. 34233 V.$x0 966 ## $lBN$mFGMON$sH.G. 36375 V. 966 ## $lBN$mFGMON$pDoação Jaime Cortesão$sH.G. 44571 V.$x3 966 ## $lBN$mMICROF$nMicrofilme$sF. 5972 966 ## $lBN$mMICROF$sF.G. 428 997 ## $aBIBEOD
Etiqueta de registo: 00750cam 2200229 450 001 177974 003 http://id.bnportugal.gov.pt/bib/catbnp/177974 005 19981127212900.0 095 ## $aPTBN00185056 100 ## $a19930612d1910 k y0pora0103 ba 101 0# $apor 102 ## $aPT 200 1# $aLivro dos bens de D. João de Portel$ecartulário do século XIII$fPedro A. de Azevedo$gprecedido de uma notícia histórica de Anselmo Braamcamp Freire 210 #9 $a[S.l.]$cArquivo Histórico Português,$d1910 215 ## $aCIII, 186 p.$d29 cm 532 12 $aLivro dos bens de Dom João de Portel 675 ## $a930.253$vBN$zpor$3349238 675 ## $a091.1$vBN$zpor$31004235 675 ## $a929.7João de Portel$31179598 675 ## $a347.2"12"$31179592 700 #1 $aAzevedo,$bPedro de,$f1869-1928$312289 702 #1 $aFreire,$bAnselmo Braamcamp,$f1849-1921$4080$342727 801 #0 $aPT$bBN$gRPC 966 ## $lBN$mFGMON$sH.G. 31664 V. 997 ## $aBIBEOD
Etiqueta de registo: 00482cam 2200169 450 001 471088 003 http://id.bnportugal.gov.pt/bib/catbnp/471088 005 19990101000000.0 095 ## $aPTBN00673663 100 ## $a19941123d1902 km a0pory0103 ba 101 0# $apor 102 ## $aPT 200 1# $a Um inventário do século XIV$fed. lit. Pedro Augusto de São Bartolomeu de Azevedo 210 #9 $aLisboa$cImp. Nacional,$d1902 215 ## $a24 p. 702 #1 $aAzevedo,$bPedro de,$f1869-1928$4340$312289 801 #0 $aPT$bBN$gRPC 966 ## $lBN$mFGMON$sS.C. 16740 V. 997 ## $aBIBEOD
Etiqueta de registo: 01411cam 02200349 04500 001 121499 003 http://id.bnportugal.gov.pt/bib/catbnp/121499 005 20010713170100.0 021 ## $aPT$b26538/89 095 ## $aPTBN00126983 100 ## $a19890607e19891905m y0pory0103 ba 101 0# $apor 102 ## $aPT 105 ## $aaf z 001yy 106 ## $ar 200 1# $a O Arquivo da Torre do Tombo$esua história, corpos que o compõem e organização$fPedro A. de Azevedo, António Baião$gnota prévia de Maria do Carmo Jasmins Dias Farinha 210 #9 $aLisboa$cLivros Horizonte,$d1989 215 ## $aXVII, 222, [37] p., [4] f. il.$cil.$d24 cm 300 ## $aContém adenda com incorporações, legislação e directores posteriores a 1905 324 ## $aFac-simile da edição de Lisboa : Academia de Estudos Livres, 1905 601 01 $aPortugal.$bArquivo Nacional da Torre do Tombo$xHistoria$2SIPOR$3340121 601 01 $aPortugal.$bArquivo Nacional da Torre do Tombo$xFundos arquivísticos$2SIPOR$3284252 675 ## $a930.253(469) A. N. T. T.$vBN$zpor$3340122 700 #1 $aAzevedo,$bPedro de,$f1869-1928$312289 701 #1 $aBaião,$bAntónio,$f1878-1961$35625 702 #1 $aFarinha,$bMaria do Carmo Jasmins Dias$f1937-2014$4212$3171341 801 #0 $aPT$bBN$gRPC 966 ## $lBN$mFGMON$sB.A.D. 4711 V.$x1 966 ## $c2$lBN$mFGMON$sB.A.D. 4711 V.$x1 966 ## $lBN$mFGMON$pBiblioteca Cordeiro Pereira$sH.G. 48851 V.$x3 997 ## $aBIBEOD
Etiqueta de registo: 00830cam 2200241 450 001 813463 003 http://id.bnportugal.gov.pt/bib/catbnp/813463 005 20010723183100.0 095 ## $aPTBN00464907 100 ## $a19910629d1925 m y0pory0103 ba 101 0# $apor 102 ## $aPT 105 ## $aa z 001yy 106 ## $ar 200 1# $aNosso Senhor dos Passos da Graça (de Lisboa)$eestudo histórico da sua irmandade com o título de "Santa Cruz e Passos"$fErnesto Sales$gpref. Pedro de Azevedo 210 #9 $aLisboa$cE. Sales,$d1925$eLisboa :$gTip. do Comércio) 215 ## $aVII, 25, [4] p.$cil.$d27 cm 675 ## $a255(469.411.16)$vBN$zpor$3851937 700 #1 $aSales,$bErnesto,$f1864-1946$389145 702 #1 $aAzevedo,$bPedro de,$f1869-1928$4080$312289 801 #0 $aPT$bBN$gRPC 966 ## $lBN$mFGMON$sH.G. 15306 V. 966 ## $lBN$mFGMON$pBiblioteca Cordeiro Pereira$sR. 20937 V.$x3 998 ## $aCI362-390
Etiqueta de registo: 00793c 02200241 04500 001 77837 003 http://id.bnportugal.gov.pt/bib/catbnp/77837 005 19981118053000.0 095 ## $aPTBN00080920 100 ## $a19950201d1929 k y0pora0103 ba 101 0# $apor 102 ## $aPT 200 1# $aCatálogo da livraria que pertenceu a... Pedro de Azevedo$fcompil. José dos Santos$gpref. Dr. António Baiäo 210 #9 $aPorto$cTip. da Sociedade de Papelaria Lda,$d1929 215 ## $a[6], 427, [1] p.$d24 cm 503 1# $aCatálogo de Leiläo,$k1930 606 ## $j[Bibliografias]$2BNP$3288700 675 ## $a017.3$vmed$zpor$3297463 702 #1 $aBaião,$bAntónio,$f1878-1961$4080$35625 702 #1 $aAzevedo,$bPedro de,$f1869-1928$4390$312289 702 #1 $aSantos,$bJosé dos,$f1881-?$4220$3115056 801 #0 $aPT$bBN$gRPC 966 ## $lBN$mFGMON$sB. 986 V. 997 ## $aBIBEOD 998 ## $aCR158 - 00388
Etiqueta de registo: 00650cam 2200217 450 001 1026483 003 http://id.bnportugal.gov.pt/bib/catbnp/1026483 005 20000627000000.0 100 ## $a20000627d1922 m y0pory0103 ba 101 0# $apor 102 ## $aPT 105 ## $ay z 000yy 106 ## $ar 200 1# $a O nome Lusitania em romance$fPedro de Azevedo 210 #9 $aCoimbra$cImprensa da Universidade,$d1922 215 ## $a13 p.$d23 cm 305 ## $aSep. Bol. Academia das Sciências de Lisboa. Classe de Letras, 14 700 #1 $aAzevedo,$bPedro de,$f1869-1928$312289 801 #0 $aPT$bBN$gRPC 966 ## $lBN$mFGMON$sH.G. 18358//2 V. $x0 966 ## $lBN$mFGMON$sL. 10665//4 V. $x0 966 ## $lBN$mFGMON$sTR. 2493//3 V. $x0 997 ## $aBIBEOD
Etiqueta de registo: 00594cam 02200193 04500 001 425098 003 http://id.bnportugal.gov.pt/bib/catbnp/425098 100 ## $a19981231d1921 k y0pory01030103ba 101 0# $apor 102 ## $aPT 105 ## $ay z 000yy 106 ## $ar 200 1# $aCartas de vila, de mudança de nome e do titulo de notável das povoações da Estremadura$fPedro de Azevedo 210 #9 $aCoimbra$cImprensa da Universidade de Coimbra,$d1921 215 ## $a86 p.$d23 cm 305 ## $aSep. de: "Boletim da Classe de Letras, v. 13 675 ## $a94(469)"14/18"(042)$vBN$zpor$31281562 675 ## $a352A/Z(469.41)"14/18"(091)(042)$vBN$zpor$31831272 700 #1 $aAzevedo,$bPedro de,$f1869-1928$312289 801 #0 $aPT$bBN$gRPC 966 ## $lBN$mFGMON$pBiblioteca Popular$sH.G. 82211 V.$x6 966 ## $lBN$mFGMON$sH.G. 11886//14 V. 972 ## $e0$d20220201$vmsebas 973 ## $cigoulao$d20220111
Etiqueta de registo: 04018cam 2200697 450 001 993427 003 http://id.bnportugal.gov.pt/bib/catbnp/993427 100 ## $a19980812f18751900am y0pory01030103ba 101 0# $apor 102 ## $aPT$aFR 106 ## $ar 200 0# $aHistória de Portugal desde o começo da monarchia até ao fim do reinado de Affonso
III$fpor A. Herculano$g[il.] Pedro de Azevedo 205 ## $a8ª ed. definitiva 210 #9 $aParis ;$aLisboa$cAillaud & Bertrand,$d[ca 1875] 215 ## $a8 v.$cil.$d18 cm 317 ## $aBiblioteca Jorge de Sena$5PTBN: J.S. 10576-1 a J.S. 10576-8 500 10 $aHistória de Portugal desde o começo da monarquia até ao fim do reinado de Afonso III 675 ## $a94(469)$vBN$zpor$31565134 700 #1 $aHerculano,$bAlexandre,$f1810-1877$322536 702 #1 $aAzevedo,$bPedro de,$f1869-1928$4440$312289 801 #0 $aPT$bBN$gRPC 856 40 $uhttps://purl.pt/325 856 41 $uhttps://purl.pt/325/service/media/cover/low 856 49 $uhttps://purl.pt/325/service/media/pdf/hg-27289-p$qapplication/pdf 856 49 $uhttps://purl.pt/325/service/media/pdf/hg-27283-p$qapplication/pdf 856 49 $uhttps://purl.pt/325/service/media/pdf/hg-27284-p$qapplication/pdf 856 49 $uhttps://purl.pt/325/service/media/pdf/hg-27282-p$qapplication/pdf 856 49 $uhttps://purl.pt/325/service/media/pdf/hg-27286-p$qapplication/pdf 856 49 $uhttps://purl.pt/325/service/media/pdf/hg-27285-p$qapplication/pdf 856 49 $uhttps://purl.pt/325/service/media/pdf/hg-27287-p$qapplication/pdf 856 49 $uhttps://purl.pt/325/service/media/pdf/hg-27288-p$qapplication/pdf 958 ## $aBND$bLivre$cDigitalizado$d1$ehttps://purl.pt/325/service/media/cover/max 966 ## $lBN$mBND$nDigitalização dos originais: H.G. 27282 P. a H.G. 27289 P.$sPURL 325/0 966 ## $lBN$mBND$nDigitalização dos originais: H.G. 27282 P., H.G. 27283 P., H.G. 27284 P., H.G. 27285
P., H.G. 27286 P., H.G. 27287 P., H.G. 27288 P.e H.G. 27289 P.$sPURL 325/1 966 ## $lBN$mBND$nDigitalização dos originais: H.G. 27282 P. a H.G. 27289 P.$sPURL 325/2 966 ## $lBN$mBND$nDigitalização dos originais: H.G. 27282 P. a H.G. 27289 P.$sPURL 325/3 966 ## $d1º V.$lBN$mFGMON$nDigitalizado em: PURL 325$sH.G. 27282 P. 966 ## $d2º V.$lBN$mFGMON$nDigitalizado em: PURL 325$sH.G. 27283 P. 966 ## $d3º V.$lBN$mFGMON$nDigitalizado em: PURL 325$sH.G. 27284 P. 966 ## $d4º V.$lBN$mFGMON$nDigitalizado em: PURL 325$sH.G. 27285 P. 966 ## $d5º V.$lBN$mFGMON$nDigitalizado em: PURL 325$sH.G. 27286 P. 966 ## $d6º V.$lBN$mFGMON$nDigitalizado em: PURL 325$sH.G. 27287 P. 966 ## $d7º V.$lBN$mFGMON$nDigitalizado em: PURL 325$sH.G. 27288 P. 966 ## $d8º V.$lBN$mFGMON$nDigitalizado em: PURL 325$sH.G. 27289 P. 966 ## $d1º V.$lBN$mFGMON$sH.G. 27290 P. 966 ## $d2º V.$lBN$mFGMON$sH.G. 27291 P. 966 ## $d3º V.$lBN$mFGMON$sH.G. 27292 P. 966 ## $d4º V.$lBN$mFGMON$sH.G. 27293 P. 966 ## $d5º V.$lBN$mFGMON$sH.G. 27294 P. 966 ## $d6º v.$lBN$mFGMON$sH.G. 27295 P. 966 ## $d7º V.$lBN$mFGMON$sH.G. 27296 P. 966 ## $d8º V.$lBN$mFGMON$sH.G. 27297 P. 966 ## $b001$d1º t.$lBN$mFGMON$pBiblioteca Jorge de Sena$sJ.S. 10576-1$x3 966 ## $b001$d2º t.$lBN$mFGMON$pBiblioteca Jorge de Sena$sJ.S. 10576-2$x3 966 ## $b001$d3º t.$lBN$mFGMON$pBiblioteca Jorge de Sena$sJ.S. 10576-3$x3 966 ## $b001$d4º t.$lBN$mFGMON$pBiblioteca Jorge de Sena$sJ.S. 10576-4$x3 966 ## $b001$d5º t.$lBN$mFGMON$pBiblioteca Jorge de Sena$sJ.S. 10576-5$x3 966 ## $b001$d6º t.$lBN$mFGMON$pBiblioteca Jorge de Sena$sJ.S. 10576-6$x3 966 ## $b001$d7º t.$lBN$mFGMON$pBiblioteca Jorge de Sena$sJ.S. 10576-7$x3 966 ## $b001$d8º t.$lBN$mFGMON$pBiblioteca Jorge de Sena$sJ.S. 10576-8$x3 995 ## $aHERCULANO $d20110906$igrafael
Etiqueta de registo: 00591nam 22001691i 450 001 1261895 003 http://id.bnportugal.gov.pt/bib/catbnp/1261895 100 ## $a20020606d1905 m y0pory010305 ba 101 0# $apor 102 ## $aPT 200 1# $a O Archivo da Torre do Tombo$esua historia corpos que o compõem e organizaçao$fpor Pedro A. d'Azevedo e Antonio Baião... 210 #9 $aLisboa$c[s.n.],$d1905$g(Imp. Comercial) 215 ## $a4, 222 p.$cil.$d23 cm 300 ## $aAnnaes da Academia de Estudos Livres 700 #1 $aAzevedo,$bPedro de,$f1869-1928$312289 701 #1 $aBaião,$bAntónio,$f1878-1961$4070$35625 801 #0 $aPT$bBN 801 #1 $aFR$bJOUVE 856 40 $2Cópia digital disponível em Archive.org$uhttps://archive.org/details/oarchivodatorred00azevuoft/page/n5 966 ## $lBN$mFGMON$sB.A.D. 3011 V.$x0
Etiqueta de registo: 00742cam 2200229 450 001 367675 003 http://id.bnportugal.gov.pt/bib/catbnp/367675 100 ## $a19981230g19229999k a0pory01030103ba 101 0# $apor 102 ## $aPT 105 ## $ay z 000yy 106 ## $ar 200 1# $aRegistos paroquiais da Sé de Tânger$fJosé Maria Rodrigues e Pedro de Azevedo 210 #9 $aLisboa$cAcademia das Sciencias de Lisboa ;$aCoimbra$cImprensa da Universidade de Coimbra,$dimp. 1922- 215 ## $av. (1º v.: 548 p.)$d32 cm 317 ## $aBiblioteca José Salazar Campos$5PTBN: 675 ## $a929.53(64)"1582/1678"$vBN$zpor$31838523 675 ## $a27-45(64)"1582/1678"$vBN$zpor$31838524 700 #1 $aRodrigues,$bJosé Maria,$f1857-1942$383449 701 #1 $aAzevedo,$bPedro de,$f1869-1928$4070$312289 801 #0 $aPT$bBN$gRPC 966 ## $lBN$mFGMON$pBiblioteca Pereira Cordeiro$sR. 7320 A.$x3 966 ## $b001$d1º v.$lBN$mFGMON$pBiblioteca José Salazar Campos$sTR. 934-1 A. $x3 973 ## $cmcarvalho$d20220314 997 ## $aBIBEOD
Etiqueta de registo: 00821cam 22002531 450 001 432406 003 http://id.bnportugal.gov.pt/bib/catbnp/432406 005 20020207134400.0 095 ## $aPTBN00461529 100 ## $a19981231d1917 k y0pory0103 ba 101 0# $apor 102 ## $aPT 105 ## $ay z 000yy 106 ## $ar 200 1# $a As cartas de criação de cidade concedidas a povoações portuguesas$fPedro de Azevedo 210 #9 $aLisboa$cAcademia das Sciencias,$dimp. 1917 215 ## $a44 p.$d24 cm 305 ## $aSep. de: Boletim da Academia das Sciencias de Lisboa. Segunda Classe, v. 10 675 ## $a94(469)"14/18"$vBN$zpor$3910719 700 #1 $aAzevedo,$bPedro de,$f1869-1928$312289 801 #0 $aPT$bBN$gRPC 856 40 $2Cópia Digital disponível em: Archive.org$uhttps://archive.org/details/ascartasdecria00azev 966 ## $lBN$mFGMON$sH.G. 18360//6 V. $x0 966 ## $lBN$mFGMON$pBiblioteca Cordeiro Pereira$sH.G. 49134 V.$x3 966 ## $lBN$mFGMON$nObra encadernada desde o expoente nº 1 ao nº 10.$sH.G. 4387//2 V. 997 ## $aBIBEOD 998 ## $aCI355-313
Etiqueta de registo: 00469nam 22001571i 450 001 1244975 003 http://id.bnportugal.gov.pt/bib/catbnp/1244975 100 ## $a20020702d1922 m y0pory010305 ba 101 0# $apor 102 ## $aPT 200 1# $a O nome Lusitania em romance$fPedro Augusto de S. Bartolomeu Azevedo 210 #9 $aCoimbra$cImprensa da Universidade$d1922 215 ## $a13 p. 300 ## $aCota antiga Trunc. 2504/1 V 305 ## $aSep. Academia das Ciências de Lisboa, classe de Letras, 4 700 #1 $aAzevedo,$bPedro de,$f1869-1928$312289 801 #0 $aPT$bBN 801 #1 $aFR$bJOUVE 966 ## $lBN$mFGMON$sL. 19131 V.$x0 966 ## $lBN$mFGMON$sL. 19172 V.$x0 997 ## $aBIBEOD
Etiqueta de registo: 00714cam 2200205 450 001 410808 003 http://id.bnportugal.gov.pt/bib/catbnp/410808 005 19981231000000.0 095 ## $aPTBN00439265 100 ## $a19930322d1925 km y0pory0103 ba 101 0# $apor 102 ## $aPT 200 1# $aNosso Senhor dos Passos da Graça (de Lisboa)$eestudo histórico da sua irmandade como título de "Santa Cruz e Passos$gpref. por Pedro de Azevedo 205 ## $aEd. especial 210 #9 $aLisboa$c[Ernesto Sales],$d1925 215 ## $aPag. var.$cil.$d26 cm 305 ## $aExemplar com tiragem especial: «Tiragem especial de 50 exemplares numerados e rubricados
pelo autor» 316 ## $aN.º 2$5PTBN: RES. 2261 V. 700 #1 $aSales,$bErnesto,$f1864-1946$389145 702 #1 $aAzevedo,$bPedro de,$f1869-1928$4080$312289 801 #0 $aPT$bBN$gRPC 966 ## $lBN$mFGMON$sH.G. 3506 V.$x1 966 ## $lBN$mFGMON$nEx. nÁ 5 de uma tiragem de 50$sH.G. 3507 V.$x1 966 ## $lBN$mRESIMP$sRES. 2261 V. 997 ## $aBIBEOD
Etiqueta de registo: 00565nam 22001691i 450 001 1262286 003 http://id.bnportugal.gov.pt/bib/catbnp/1262286 100 ## $a20020606d1906 m y0pory010305 ba 101 0# $apor 102 ## $aPT 200 1# $a As cartas do Padre Antonio Vieira oferecidas ao Arquivo de Torre do Tombo$fPedro Augusto de S. Bartolomeu de Azevedo 210 #9 $a[S.l.$cs.n.]$d1906$eCoimbra:$gImprensa da Universidade) 215 ## $a18 p.$d23 cm 700 #1 $aAzevedo,$bPedro de,$f1869-1928$312289 801 #0 $aPT$bBN 801 #1 $aFR$bJOUVE 966 ## $lBN$mFGMON$sB.A.D. 2058 V.$x0 997 ## $aBIBEOD
Etiqueta de registo: 00764cam 2200241 450 001 1227806 003 http://id.bnportugal.gov.pt/bib/catbnp/1227806 010 ## $a972-772-406-X 021 ## $aPT$b197406/03 100 ## $a20031110e20031910m y0pory0103 ba 101 0# $apor 102 ## $aPT 105 ## $aa z 000yy 106 ## $ar 200 1# $aLivro dos bens de D. João de Portel$ecartulario do século XIII$fPedro A. de Azevedo$cNoticia historica$fAnselmo Braamcamp Freire 210 #9 $aLisboa$cColibri,$d2003 215 ## $aXI, CIII, 186 p.$cil.$d28 cm 324 ## $aEd. facsimilada do Archivo Historico Portuguez, 1906-1910 675 ## $a930.253$vBN$zpor$3349238 675 ## $a091.1$vBN$zpor$31004235 675 ## $a929.7João de Portel$31179591 675 ## $a347.2"12"$31179592 700 #1 $aAzevedo,$bPedro de,$f1869-1928$312289 701 #1 $aFreire,$bAnselmo Braamcamp,$f1849-1921$4070$342727 900 ## $aBIBNAC$d20130602 966 ## $lBN$mFGMON$sH.G. 52283 V.$x1 966 ## $lBN$mFGMON$sH.G. 52283 V.$x1
Etiqueta de registo: 00834c 22002651 450 001 97135 003 http://id.bnportugal.gov.pt/bib/catbnp/97135 005 19981119192400.0 095 ## $aPTBN00100997 100 ## $a19890101d1921 km a0pora0103 ba 101 0# $apor 102 ## $aPT 200 1# $a O processo dos Távoras$fpref., anot. Pedro de Azevedo 210 #9 $aLisboa$cBibl. Nacional,$d1921 215 ## $a[31], 226, [1] p.$d26 cm 225 2# $aPublicações da Biblioteca Nacional.$iInéditos$v1 702 #1 $aAzevedo,$bPedro de,$f1869-1928$4080$4212$312289 801 #0 $aPT$bBN$gRPC 856 40 $2Cópia digital disponível em Archive.org $uhttps://archive.org/details/oprocessodostv00tv/page/n8 966 ## $lBN$mFGMON$sH.G. 3733 V. 966 ## $lBN$mFGMON$sH.G. 3734 V. 966 ## $lBN$mFGMON$sH.G. 6318 A. 966 ## $lBN$mFGMON$sH.G. 12260 V. 966 ## $lBN$mFGMON$sH.G. 12261 V. 995 ## $aLIVRARIA $zBND$d20130528$idfontes
Etiqueta de registo: 00623cam 2200193 450 001 1054573 003 http://id.bnportugal.gov.pt/bib/catbnp/1054573 005 20010903174300.0 100 ## $a20010502g19241927m y0pory0103 ba 101 0# $apor 102 ## $aPT 105 ## $ay z 000yy 106 ## $ar 200 1# $aRegisto da Freguesia da Sé desde 1563 até 1610$fintrod., notas e índices Edgar prestage, Pedro d'Azevedo 210 #9 $aCoimbra$cImp. da Universidade,$d1924-1927 215 ## $a2 vol.$d34 cm 225 2# $aRegistos parochiaes de Lisboa 620 ## $dLisboa 675 ## $a259(469.411.16)"1563/1610"$vBN$zpor$31004863 702 #1 $aPrestage,$bEdgar,$f1869-1951$4340$336186 702 #1 $aAzevedo,$bPedro de,$f1869-1928$4340$312289 801 #0 $aPT$bBN$gRPC 966 ## $b001$d1º v.$lBN$mFGMON$pBiblioteca Cordeiro Pereira$sR. 7313 A.$x3 966 ## $b001$d2º v.$lBN$mFGMON$pBiblioteca Cordeiro Pereira$sR. 7314 A.$x3 966 ## $dVol. 1$lBN$mRESIMP$sRES. 1106 A. 997 ## $aBIBEOD
Etiqueta de registo: 01115cam 022002531 04500 001 2565 003 http://id.bnportugal.gov.pt/bib/catbnp/2565 005 19981110182400.0 095 ## $aPTBN00002622 100 ## $a19920318g19201955k y0pory0103 ba 101 0# $apor 102 ## $aPT 105 ## $aa z 001yy 106 ## $ar 200 1# $aCorrespondência diplomática de Francisco de Sousa Coutinho durante a sua embaixada
em Holanda 210 #9 $aCoimbra$cImprensa da Universidade,$d1920-1955 215 ## $a3 v.$cil.$d30 cm 225 2# $aAcademia das Ciências de Lisboa 327 1# $a1º v. : 1643-1646 / publicada por Edgar Prestage, Pedro de Azevedo. - XXXIV, 414 p.$a2º v. : 1647-1648 (Maio) / publicada por Edgar Prestage, Pedro de Azevedo. - 1926.
- XXVI, 409 p.$a3º v. : 1648-1650 / publicada por Edgar Prestage, P. M. Laranjo Coelho. - Lisboa :
Centro Tipográfico Colonial, 1955. - XI, 405, [2] p. 675 ## $a869.0-6"16"$vBN$zpor$3288632 700 #1 $aCoutinho,$bFrancisco de Sousa,$fca 1597-1660$344101 702 #1 $aPrestage,$bEdgar,$f1869-1951$4220$336186 702 #1 $aAzevedo,$bPedro de,$f1869-1928$4220$312289 702 #1 $aCoelho,$bP. M. Laranjo,$f1878-1969$4220$348652 801 #0 $aPT$bBN$gRPC 856 40 $2Cópia digital do 1.º v. disponível em Archive.org$uhttps://archive.org/details/correspondncia00sousuoft/page/n8 966 ## $b001$d1º v.$lBN$mFGMON$sH.G. 22387 V.$x3 966 ## $b001$d2º v.$lBN$mFGMON$sH.G. 22388 V.$x3 966 ## $b001$d3º v.$lBN$mFGMON$sH.G. 22389 V.$x1 966 ## $b002$d1º v.$lBN$mFGMON$sH.G. 25559 V.$x0 966 ## $b002$d2º v.$lBN$mFGMON$sH.G. 25560 V.$x0 966 ## $b002$d3º v.$lBN$mFGMON$sH.G. 25561 V.$x0
Etiqueta de registo: 00612cam 2200205 450 001 1026482 003 http://id.bnportugal.gov.pt/bib/catbnp/1026482 005 20000627122700.0 100 ## $a20000627d1921 m y0pory0103 ba 101 0# $apor 102 ## $aPT 105 ## $ay z 000yy 106 ## $ar 200 1# $aGeoffroy Saint-Hilaire em Lisboa$fPedro de Azevedo 210 #9 $aCoimbra$cImprensa da Universidade,$d1921 215 ## $a32 p.$d23 cm 305 ## $aSep. Bol. Academia das Sciências de Lisboa. Classe de Letras, 14 700 #1 $aAzevedo,$bPedro de,$f1869-1928$312289 801 #0 $aPT$bBN$gRPC 966 ## $lBN$mFGMON$sH.G. 18358//1 V. $x0 966 ## $lBN$mFGMON$sTR. 2494//16 V. $x0 997 ## $aBIBEOD
Etiqueta de registo: 03735cam 02200805 04500 001 991814 003 http://id.bnportugal.gov.pt/bib/catbnp/991814 005 20000105124700.0 095 ## $aPTBN01004070 100 ## $a19990227d1875 m y0pory0103 ba 101 0# $apor 102 ## $aPT$aBR$aFR 105 ## $aa z 000yy 106 ## $ar 200 1# $aHistória de Portugal$edesde o começo da monarchia até o fim do reinado de Affonso III$fpor A. Herculano$gdir. Pedro de Azevedo 205 ## $aOitava edição definitiva conforme as edicões da vida do auctor$fdir. por David Lopes 210 #9 $aLisboa [etc.]$clivrarias Aillaud & Bertrand,$d[1875] 215 ## $a8 vol.$cil.$d19 cm 306 ## $aData tirada do prefácio 620 ## $dLisboa 675 ## $a94(469)$vBN$zpor$31565134 700 #1 $aHerculano,$bAlexandre,$f1810-1877$322536 702 #1 $aAzevedo,$bPedro de,$f1869-1928$4300$312289 702 #1 $aLopes,$bDavid,$f1867-1942$4340$321410 801 #0 $aPT$bBN$gRPC 856 40 $uhttps://purl.pt/12112 856 41 $uhttps://purl.pt/12112/service/media/cover/low 856 49 $uhttps://purl.pt/12112/service/media/pdf/hg-26088-p$qapplication/pdf 856 49 $uhttps://purl.pt/12112/service/media/pdf/hg-26090-p$qapplication/pdf 856 49 $uhttps://purl.pt/12112/service/media/pdf/hg-26083-p$qapplication/pdf 856 49 $uhttps://purl.pt/12112/service/media/pdf/hg-26084-p$qapplication/pdf 856 49 $uhttps://purl.pt/12112/service/media/pdf/hg-26086-p$qapplication/pdf 856 49 $uhttps://purl.pt/12112/service/media/pdf/hg-26085-p$qapplication/pdf 856 49 $uhttps://purl.pt/12112/service/media/pdf/hg-26087-p$qapplication/pdf 856 49 $uhttps://purl.pt/12112/service/media/pdf/hg-26089-p$qapplication/pdf 958 ## $aBND$bLivre$cDigitalizado$d1$ehttps://purl.pt/12112/service/media/cover/max 966 ## $lBN$mBND$nDigitalização dos originais: H.G. 26083 P. a H.G. 26090 P.$sPURL 12112/0 966 ## $lBN$mBND$nDigitalização dos originais: H.G. 26083 P. a H.G. 26090 P.$sPURL 12112/1 966 ## $lBN$mBND$nDigitalização dos originais: H.G. 26083 P. a H.G. 26090 P.$sPURL 12112/2 966 ## $lBN$mBND$nDigitalização dos originais: H.G. 26083 P. a H.G. 26090 P.$sPURL 12112/3 966 ## $lBN$mBND$nDigitalização dos originais: H.G. 26083 P. a H.G. 26090 P.$sPURL 12112/4 966 ## $dVol. 1$lBN$mFGMON$sB.R. 11383 966 ## $dVol. 2$lBN$mFGMON$sB.R. 11384 966 ## $dVol. 3$lBN$mFGMON$sB.R. 11385 966 ## $dVol. 4$lBN$mFGMON$sB.R. 11386 966 ## $dVol. 5$lBN$mFGMON$sB.R. 11387 966 ## $dVol. 6$lBN$mFGMON$sB.R. 11388 966 ## $dVol. 7$lBN$mFGMON$sB.R. 11389 966 ## $dVol. 8$lBN$mFGMON$sB.R. 11390 966 ## $b001$dVol. 1$lBN$mFGMON$sH.G. 26083 P. 966 ## $b001$dVol. 2$lBN$mFGMON$sH.G. 26084 P. 966 ## $b001$dVol. 3$lBN$mFGMON$sH.G. 26085 P. 966 ## $b001$dVol. 4$lBN$mFGMON$sH.G. 26086 P. 966 ## $b001$dVol. 5$lBN$mFGMON$sH.G. 26087 P. 966 ## $b001$dVol. 6$lBN$mFGMON$sH.G. 26088 P. 966 ## $b001$dVol. 7$lBN$mFGMON$sH.G. 26089 P. 966 ## $b001$dVol. 8$lBN$mFGMON$sH.G. 26090 P. 966 ## $dVol. 1-3$lBN$mFGMON$sH.G. 29786 P. 966 ## $dVol. 4-6$lBN$mFGMON$sH.G. 29787 P. 966 ## $dVol. 7$lBN$mFGMON$sH.G. 29788 P. 966 ## $b002$dVol. 2$lBN$mFGMON$pBiblioteca José de Bragança$sTR. 6959 P.$x3 966 ## $b003$dVol. 4$lBN$mFGMON$pBiblioteca José Alexandre Braga$sTR. 6969 P.$x3 966 ## $dVol. 1$lBN$mRESIMP$sRES. 3059 P. 966 ## $dVol. 2$lBN$mRESIMP$sRES. 3060 P. 966 ## $dVol. 3$lBN$mRESIMP$sRES. 3061 P. 966 ## $dVol. 4$lBN$mRESIMP$sRES. 3062 P. 966 ## $dVol. 5$lBN$mRESIMP$sRES. 3063 P. 966 ## $dVol. 6$lBN$mRESIMP$sRES. 3064 P. 966 ## $dVol. 7$lBN$mRESIMP$sRES. 3065 P. 966 ## $dVol. 8$lBN$mRESIMP$sRES. 3066 P. 995 ## $aHERCULANO $d20110915$igrafael
Etiqueta de registo: 00254nbm 2200025 450 001 2002514 003 http://id.bnportugal.gov.pt/bib/catbnp/2002514 100 ## $a20181011d18751928m y0pory01030103ba 101 0# $apor 102 ## $aPT 105 ## $ay z 000yy 106 ## $ah 200 1# $a [ Arquivo de Pedro de Azevedo] 210 #1 $d1875-1928 215 ## $a3 caixas 321 1# $aGuia Preliminar dos Fundos de Arquivo da Biblioteca Nacional. Lisboa: IBNL, 1994.
P. 213-214 327 1# $aCorrespondência, cartões de visita, recibos, bilhetes de identidade; documentos referentes
à Marinha de Guerra; manifestos de propaganda política; apontamentos para o Inventário
do Fundo Geral de Manuscritos; manuscrito para a 2.ª edição de "Os Brasões da Sala
de Sintra" de Anselmo Braamcamp Freire; provas tipográficas das seguintes obras: "Hábitos
e Costumes dos Portugueses segundo os Estrangeiros, "Livros da Chancelaria Mor da
Corte e Reino", da autoria de A. Reis Machado e Pedro de Azevedo, colaboração para
a "História da Colonização Portuguesa no Brasil", etc. Documentação incorporada quando
Pedro de Azevedo cessou funções na Biblioteca Nacional de Lisboa, desempenhou as funções
de Bibliotecário e de Director interino 700 #1 $aAzevedo,$bPedro de,$f1869-1928$312289 801 #0 $aPT$bBN$gRPC 966 ## $lBN$mRESARQ$sC.O. - Cx. 40-42
Etiqueta de registo: 00254nbm 2200025 450 001 2044414 003 http://id.bnportugal.gov.pt/bib/catbnp/2044414 100 ## $a20200513d1927 k y0pory01030103ba 101 0# $apor 102 ## $aPT 105 ## $ay z 000yy 106 ## $ah 200 1# $a [ Ofício de José Vitorino para o Diretor da Biblioteca Nacional de Lisboa] 210 #1 $aLisboa,$d8 de Novembro de 1927 215 ## $a1 documento 327 1# $aOfício de José Vitorino, porteiro da BNL, para Pedro de Azevedo, Director interino,
informando ter detectado o arrombamento da porta que dava acesso ao terraço, facto
que comunica para que fossem tomadas as devidas providências e verificar se havia
"alguma coisa em falta" 700 #1 $aVitorino,$bJosé,$ffl. 1927$31780660 702 #1 $aAzevedo,$bPedro de,$f1869-1928$4660$312289 801 #0 $aPT$bBN$gRPC 966 ## $lBN$mRESARQ$sAHBN/DGA/03/01/Cx. 14
Etiqueta de registo: 02715cam 02200529 04500 001 83368 003 http://id.bnportugal.gov.pt/bib/catbnp/83368 100 ## $a19981118g19241933km y0pora01030103ba 101 0# $apor 102 ## $aPT 105 ## $ay z 000yy 106 ## $ar 200 1# $aHistória do descobrimento & conquista da Índia pelos portugueses$fpor Fernão Lopes de Castanheda 205 ## $a3ª ed. conforme a edição princeps$frevista e anotada por Pedro de Azevedo 210 #9 $aCoimbra$cImprensa da Universidade,$d1924-1933 215 ## $a4 v.$d30 cm 225 2# $aScriptores Rerum Lusitanarum.$hSérie A 317 ## $aBiblioteca José Salazar Campos$5PTBN: RES. 1028-1029 A. e RES. 1528 V. 532 13 $aHistória do descobrimento e conquista da Índia pelos portugueses 620 ## $dCoimbra 675 ## $a94(469)(540)"14/15"$vBN$zpor$31009440 675 ## $a910.4(469)(540)"14/15"$vBN$zpor$31827450 700 #1 $aCastanheda,$bFernão Lopes de,$f1500-1559$339964 702 #1 $aAzevedo,$bPedro de,$f1869-1928$4340$312289 801 #0 $aPT$bBN$gRPC 856 40 $uhttps://purl.pt/37410 856 41 $uhttps://purl.pt/37410/service/media/cover/low 856 49 $uhttps://purl.pt/37410/service/media/pdf/hg-31049-v$qapplication/pdf 856 49 $uhttps://purl.pt/37410/service/media/pdf/hg-31052-v$qapplication/pdf 856 49 $uhttps://purl.pt/37410/service/media/pdf/hg-31051-v$qapplication/pdf 856 49 $uhttps://purl.pt/37410/service/media/pdf/hg-31050-v$qapplication/pdf 930 ## $lBN$dH.G. 25008-9 V. 958 ## $aBND$bLivre$cDigitalizado$d1$ehttps://purl.pt/37410/service/media/cover/max 966 ## $lBN$mFGMON$nExiste exemplar em livre acesso na Sala de Leitura Geral$sH.G. 96 A. 966 ## $lBN$mFGMON$nExiste exemplar em livre acesso na Sala de Leitura Geral$sH.G. 6290 A. 966 ## $b003$lBN$mFGMON$nExiste exemplar em livre acesso na Sala de Leitura Geral$sH.G. 25008 V. 966 ## $b003$lBN$mFGMON$nExiste exemplar em livre acesso na Sala de Leitura Geral$sH.G. 25009 V. 966 ## $b001$d1-2$lBN$mFGMON$nExiste exemplar em livre acesso na Sala de Leitura Geral$sH.G. 31049 V.$x0 966 ## $b001$d3-4$lBN$mFGMON$nExiste exemplar em livre acesso na Sala de Leitura Geral$sH.G. 31050 V.$x0 966 ## $b001$d5-6$lBN$mFGMON$nExiste exemplar em livre acesso na Sala de Leitura Geral$sH.G. 31051 V.$x0 966 ## $b001$d7-9$lBN$mFGMON$nExiste exemplar em livre acesso na Sala de Leitura Geral$sH.G. 31052 V.$x0 966 ## $b004$d5-6$lBN$mFGMON$nExiste exemplar em livre acesso na Sala de Leitura Geral$sTR. 5638-5-6 V. $x1 966 ## $b002$d1-2$lBN$mRESIMP$sRES. 1028 A. 966 ## $b002$d5-6$lBN$mRESIMP$sRES. 1528 V. 966 ## $b002$d3-4$lBN$mRESIMP$sRES. 1029 A. 972 ## $e1$d20211221$visantos 973 ## $cigoulao$d20211130 995 ## $aOChina $zBND$d20150716$idfontes
Etiqueta de registo: 00254nbm 2200025 450 001 2286650 003 http://id.bnportugal.gov.pt/bib/catbnp/2286650 100 ## $a20260521d1818 k y0pory01030103ba 101 0# $apor 102 ## $aPT 105 ## $ay z 000yy 106 ## $ah 200 1# $a [ Ordens de Serviço de Fidelino de Figueiredo, Jaime Cortesão e Raul Proença, relativas
à reorganização da Biblioteca, alterações ao regulamento, a procedimentos a adoptar
pelos funcionários em cumprimento dos regulamentos da Biblioteca, nomeadamente, leitura
nocturna, convocação de reuniões, proibição de permanência de pessoas estranhas em
determinados espaços dentro da Biblioteca, faltas de pessoal, elaboração de catálogos,
proibição de fumar dentro da Biblioteca, penalizações devido a processos disciplinares,
escalas de serviço, responsabilidades de cada área, admissões, cadastros, relatórios,
requisição à Direcção Geral de Subsistência de bens essenciais para os funcionários,
regras referentes à entrega de obras aos leitores, integração de obras nas respectivas
secções, distribuição de serviços técnicos, e cumprimento no estipulado em decretos] 210 #1 $d23 de Fevereiro de 1918 - 6 de Novembro de 1919 215 ## $a120 doc. (124 f., 4 f. br.)$d34 cm 300 ## $aOriginais assinados por Fidelino de Figueiredo e Jaime Cortesão (Directores da Biblioteca
Nacional), Eduardo Castro Almeida e Basílio de Vasconcelos e Pedro Augusto Azevedo
(Directores interinos da Biblioteca Nacional), e Raul Proença (Sub-Director da Biblioteca
Nacional) 321 1# $aInventário do Arquivo Histórico da Biblioteca Nacional: 1796-1950. Lisboa: BN, 1996.
P. 56-57 321 ## $aSubsídios para a história da Biblioteca Nacional / Manuela D. Domingos. - Lisboa :
Instituto da Biblioteca Nacional e do Livro, 1995. P. 59-62 327 11 $aCopiador de ordens de serviço 700 #1 $aFigueiredo,$bFidelino de,$f1888-1967$337830 701 #1 $aAlmeida,$bEduardo de Castro e,$f1865-1949$4070$345214 701 #1 $aAzevedo,$bPedro de,$f1869-1928$4070$312289 701 #1 $aProença,$bRaúl,$f1884-1941$4070$319283 801 #0 $aPT$bBN$gRPC 966 ## $lBN$mRESARQ$sAHBN/CR/08/Cx. 02-Mc. 03-01-120 971 ## $cmrosario$d20260521
Etiqueta de registo: 00254nbm 2200025 450 001 2286675 003 http://id.bnportugal.gov.pt/bib/catbnp/2286675 100 ## $a20260521d k y0pory01030103ba 101 0# $apor 102 ## $aPT 105 ## $ay z 000yy 106 ## $ah 200 1# $a [ Ordens de Serviço e Avisos de Raúl Proença, Jaime Cortesão, e Fidelino de Figueiredo,
relativas às responsabilidades dos Serviços Técnicos, convocação de reuniões, medidas
para impedir roubos, tolerâncias de ponto, horário de trabalho, suspensão de funcionários,
vencimentos, recompensas, reprensões por comportamento inadequado, justificação de
faltas, trabalho extraordinário, escalas de serviço, substituição na ausência de funcionários,
aquisição de obras, elaboração de catálogos, regras de catalogação, arrumação de livros,procedimentos
a adoptar pelos funcionários em cumprimento dos regulamentos da Biblioteca e legislação,
nomeadamente, normas de disciplina e sigilo, o uso particular de livros pelo funcionários,
colocação de tábua indicadora quando se retira os livros da estante, preenchimento
de senhas de leitura, presença de pessoas estranhas em determinados espaços, vigilância
da sala diurna e nocturna] 210 #1 $aLisboa,$d24 de Novembro de 1919- 22 de Dezembro de 1928 215 ## $a303 doc. (321 f.)$d30 cm 300 ## $aOriginais assinados por Raúl Proença, Jaime Cortesão, Fidelino de Figueiredo, António
Augusto Ferreira de Macedo, Pedro de Azevedo e Joaquim Gualdino Gomes 321 1# $aInventário do Arquivo Histórico da Biblioteca Nacional: 1796-1950. Lisboa: BN, 1996.
P. 56-57 700 #1 $aCortesão,$bJaime,$f1884-1960$319278 701 #1 $aMacedo,$bAntónio Augusto Ferreira de,$f1887-1959$4070$360049 701 #1 $aProença,$bRaúl,$f1884-1941$4070$319283 701 #1 $aFigueiredo,$bFidelino de,$f1888-1967$4070$337830 701 #1 $aAzevedo,$bPedro de,$f1869-1928$4070$312289 701 #1 $aGomes,$bJoaquim Gualdino,$f1858-1948$4070$31760933 801 #0 $aPT$bBN$gRPC 966 ## $lBN$mRESARQ$sAHBN/CR/08/Cx. 02-Mc. 04-01-303 971 ## $cmrosario$d20260522
|
|
|